Bahan Kimia : (Record no. 173444)
[ view plain ]
| 000 -LEADER | |
|---|---|
| fixed length control field | 01614pam a2200505 ia4500 |
| 001 - CONTROL NUMBER | |
| control field | vtls000759475 |
| 003 - CONTROL NUMBER IDENTIFIER | |
| control field | PNM |
| 005 - DATE AND TIME OF LATEST TRANSACTION | |
| control field | 20200720114600.0 |
| 008 - FIXED-LENGTH DATA ELEMENTS--GENERAL INFORMATION | |
| fixed length control field | 150417s2015 my o j a001 0 may |
| 015 ## - NATIONAL BIBLIOGRAPHY NUMBER | |
| National bibliography number | M15-03026 |
| 020 ## - INTERNATIONAL STANDARD BOOK NUMBER | |
| International Standard Book Number | 9789670798578 |
| Qualifying information | set |
| International Standard Book Number | 9789670798486 |
| Qualifying information | paperback |
| Terms of availability | RM10.00 |
| 039 #9 - LEVEL OF BIBLIOGRAPHIC CONTROL AND CODING DETAIL [OBSOLETE] | |
| Level of rules in bibliographic description | 201510011517 |
| Level of effort used to assign nonsubject heading access points | azeantie |
| Level of effort used to assign subject headings | 201510011416 |
| Level of effort used to assign classification | azeantie |
| Level of effort used to assign subject headings | 201506240813 |
| Level of effort used to assign classification | anis_o |
| Level of effort used to assign subject headings | 201504171047 |
| Level of effort used to assign classification | hishamuddin |
| 040 ## - CATALOGING SOURCE | |
| Original cataloging agency | BNM |
| Language of cataloging | eng |
| Transcribing agency | BNM |
| Modifying agency | PPAK |
| Description conventions | rda |
| 049 ## - LOCAL HOLDINGS (OCLC) | |
| Holding library | klpmal |
| 082 04 - DEWEY DECIMAL CLASSIFICATION NUMBER | |
| Classification number | 500 |
| Edition number | 23 |
| Classification number | 540 |
| Edition number | 23 |
| 090 00 - LOCALLY ASSIGNED LC-TYPE CALL NUMBER (OCLC); LOCAL CALL NUMBER (RLIN) | |
| Classification number (OCLC) (R) ; Classification number, CALL (RLIN) (NR) | 500 |
| Feature heading | BAH |
| Feature heading | K |
| Classification number (OCLC) (R) ; Classification number, CALL (RLIN) (NR) | 540 |
| Feature heading | BAH |
| Feature heading | K |
| 245 00 - TITLE STATEMENT | |
| Title | Bahan Kimia : |
| Remainder of title | Air ialah Bahan Kimia! / |
| Statement of responsibility, etc. | Penterjemah Zawiyah Mustafa |
| 246 13 - VARYING FORM OF TITLE | |
| Display text | Translation of: |
| Title proper/short title | Chemicals |
| 264 #1 - PRODUCTION, PUBLICATION, DISTRIBUTION, MANUFACTURE, AND COPYRIGHT NOTICE | |
| Place of production, publication, distribution, manufacture | Wangsa Maju, Kuala Lumpur : |
| Name of producer, publisher, distributor, manufacturer | Institut Terjemahan & Buku Malaysia, |
| Date of production, publication, distribution, manufacture, or copyright notice | 2015 |
| 300 ## - PHYSICAL DESCRIPTION | |
| Extent | 24 pages : |
| Other physical details | colour photographs ; |
| Dimensions | 19 x 23 cm. |
| 336 ## - CONTENT TYPE | |
| Content type term | text |
| Source | rdacontent |
| 337 ## - MEDIA TYPE | |
| Media type term | unmediated |
| Source | rdamedia |
| 338 ## - CARRIER TYPE | |
| Carrier type term | volume |
| Source | rdacarrier |
| 490 1# - SERIES STATEMENT | |
| Series statement | SAiNS DALAM KEHiDUPAN |
| 500 ## - GENERAL NOTE | |
| General note | Includes index |
| 650 10 - SUBJECT ADDED ENTRY--TOPICAL TERM | |
| Topical term or geographic name entry element | Chemicals |
| Form subdivision | Juvenile literature |
| 700 0# - ADDED ENTRY--PERSONAL NAME | |
| Personal name | Zawiyah Mustafa, |
| Relator term | translator. |
| 830 #0 - SERIES ADDED ENTRY--UNIFORM TITLE | |
| Uniform title | Sains dalam kehidupan |
| 942 ## - ADDED ENTRY ELEMENTS (KOHA) | |
| Source of classification or shelving scheme | Dewey Decimal Classification |
| Koha item type | Book |
| 949 ## - LOCAL PROCESSING INFORMATION (OCLC) | |
| 6 | 1001327005 |
| e | 2342479 |
| 6 | 1001327006 |
| e | 2342480 |
| 6 | 1001327007 |
| e | 2343178 |
| 6 | 1001327008 |
| e | 2342482 |
| 6 | 1001327009 |
| e | 2342483 |
| 6 | 1001327010 |
| e | 2342484 |
| 6 | 1001327011 |
| e | 2342485 |
| 6 | 1001327012 |
| e | 2342486 |
| 6 | 1001327013 |
| e | 2342487 |
| 6 | 1001327014 |
| e | 2342481 |
| 6 | 2000076588 |
| a | 540 BAH M |
| 6 | 2000076587 |
| a | 540 BAH M |
| Withdrawn | Not for loan | Current library | Shelving location | Date acquired | Full call number | Barcode | Date last seen | Koha item type | Total Checkouts | Date last checked out | Total Renewals |
|---|---|---|---|---|---|---|---|---|---|---|---|
| Perpustakaan Alor Setar | Pinjaman Kanak-kanak | 04/08/2019 | K 540 BAH | A01611144 | 10/07/2024 | Book | 2 | 26/06/2024 | |||
| Perpustakaan Alor Setar | Pinjaman Kanak-kanak | 04/08/2019 | K 540 BAH | A01611143 | 03/03/2026 | Book | 6 | 10/02/2026 | 1 | ||
| Perpustakaan Langkawi | Pinjaman Kanak-kanak | 29/07/2020 | K 540 BAH | A00739275 | 29/07/2020 | Book | |||||
| Bergerak 3, Baling | Pinjaman Kanak-kanak | 23/11/2016 | K 500 BAH | A01500668 | 09/05/2018 | Book |